[Event "Canarias-chT Honor"]
[Site "Spain"]
[Date "2020.02.15"]
[Round "6.3"]
[White "Martin Casanas, Juan Miguel"]
[Black "Rodriguez Garcia, Antonio Jose"]
[Result "0-1"]
[WhiteElo "1685"]
[BlackElo "1950"]
[PlyCount "98"]
[EventDate "2020.01.11"]
[EventType "team-tourn"]
[EventRounds "9"]
[EventCountry "ESP"]
[SourceTitle "CBM 195 Extra"]
[Source "ChessBase"]
[SourceDate "2020.05.31"]
[SourceVersion "1"]
[SourceVersionDate "2020.05.31"]
[SourceQuality "1"]
[WhiteTeam "Herbania"]
[BlackTeam "Guia"]
[WhiteTeamCountry "ESP"]
[BlackTeamCountry "ESP"]

1. e4 e5 2. Nf3 Nc6 3. Bc4 Nf6 4. Nc3 Nxe4 5. Nxe4 d5 6. Bd3 dxe4 7. Bxe4 Qd6 8. 0-0 Be7 9. Bxc6+ bxc6 10. d4 exd4 11. Nxd4 0-0 12. Be3 Qg6 13. Qf3 Bd7 14. c4 Bd6 15. Bf4 c5 16. Bxd6 cxd6 17. Nc6 Qe6 18. b3 Rfc8 19. Na5 Qe7 20. Rad1 Be8 21. a3 Rab8 22. Qd5 Qc7 23. Qd2 Rb6 24. Rc1 Rcb8 25. Rfe1 Bd7 26. Re7 Qd8 27. Rce1 Kf8 28. R7e2 Be6 29. Qf4 Kg8 30. Qf3 Qc7 31. Qc3 h6 32. f4 Ra6 33. b4 cxb4 34. axb4 Rab6 35. Qf3 Rxb4 36. Nc6 Rb3 37. Qe4 R8b6 38. f5 Qxc6 39. Qg4 Qxc4 40. Qh5 Qc5+ 41. Kh1 Qxf5 42. Qh4 Rb1 43. h3 Rxe1+ 44. Rxe1 Rb1 45. Qd8+ Kh7 46. Rxb1 Qxb1+ 47. Kh2 Qb6 48. Qh4 Qc5 49. Qe4+ Qf5 0-1

[Event "Canarias-chT Honor"]
[Site "Spain"]
[Date "2020.01.11"]
[Round "1.4"]
[White "Morales Camacho, Julian"]
[Black "Rodriguez Garcia, Antonio Jose"]
[Result "1-0"]
[WhiteElo "2211"]
[BlackElo "1950"]
[PlyCount "113"]
[EventDate "2020.01.11"]
[EventType "team-tourn"]
[EventRounds "9"]
[EventCountry "ESP"]
[SourceTitle "CBM 195 Extra"]
[Source "ChessBase"]
[SourceDate "2020.05.31"]
[SourceVersion "1"]
[SourceVersionDate "2020.05.31"]
[SourceQuality "1"]
[WhiteTeam "Lanzaloe"]
[BlackTeam "Guia"]
[WhiteTeamCountry "ESP"]
[BlackTeamCountry "ESP"]

1. c4 e6 2. Nf3 d5 3. e3 Nf6 4. b3 Be7 5. Bb2 0-0 6. Be2 c5 7. 0-0 Nc6 8. d4 cxd4 9. exd4 Ne4 10. Nc3 Bf6 11. Nxe4 dxe4 12. Ne5 Qc7 13. Nxc6 Qxc6 14. Qc2 Be7 15. Qc3 Qc7 16. Qe3 f5 17. f3 exf3 18. Rxf3 Bd7 19. Kh1 Bf6 20. Bd3 Rae8 21. Re1 Bc6 22. Rff1 g6 23. b4 b6 24. Bc2 Bh4 25. Re2 f4 26. Qh3 Qd8 27. b5 Bb7 28. Be4 Bc8 29. Qf3 Qg5 30. Ba3 Rf7 31. Bc6 Rd8 32. Re5 Qh6 33. Rd1 Qg7 34. Bb2 Bf6 35. Re4 g5 36. h3 Qg6 37. Re2 h5 38. Be4 Qh6 39. Rf2 Bg7 40. c5 g4 41. Qb3 f3 42. gxf3 g3 43. Re2 Qf4 44. Kg2 Qh4 45. Rh1 Bxd4 46. Bxd4 Rxd4 47. c6 Qf4 48. Rd1 Rxd1 49. Qxd1 Kg7 50. Qd8 Rc7 51. Qe8 Qg5 52. Bd3 Qh4 53. Re5 Qf4 54. Qg6+ Kf8 55. Rg5 h4 56. Qh6+ Ke7 57. Rg7+ 1-0

[Event "ESP-ch 82nd"]
[Site "Las Palmas"]
[Date "2017.09.29"]
[Round "1"]
[White "Rodriguez Garcia, Antonio Jose"]
[Black "Ibarra Jerez, Jose Carlos"]
[Result "0-1"]
[WhiteElo "1926"]
[BlackElo "2561"]
[PlyCount "84"]
[EventDate "2017.09.29"]
[EventType "swiss"]
[EventRounds "9"]
[EventCountry "ESP"]
[SourceTitle "CBM 181 Extra"]
[Source "ChessBase"]
[SourceDate "2017.12.12"]
[SourceVersion "1"]
[SourceVersionDate "2017.12.12"]
[SourceQuality "1"]

1. e4 e5 2. d4 exd4 3. Qxd4 Nc6 4. Qe3 Nf6 5. Nc3 Be7 6. Bd2 d5 7. exd5 Nxd5 8. Qg3 Ncb4 9. Bb5+ c6 10. Ba4 Bf5 11. Rc1 0-0 12. Nge2 Nb6 13. Bb3 c5 14. Qf4 Bg6 15. a3 Bd6 16. Qg5 c4 17. axb4 cxb3 18. cxb3 Bxb4 19. 0-0 Qxg5 20. Bxg5 f6 21. Be3 Bf7 22. Nb5 Bxb3 23. Nec3 Nc4 24. Bf4 Ne5 25. Bxe5 fxe5 26. Ne4 Rfd8 27. Rc7 Ba5 28. Rcc1 Bd5 29. Nbc3 Bc6 30. Rfd1 Rd4 31. f3 Rad8 32. Kf1 h6 33. Ke2 Bb4 34. Nf2 Kf7 35. Rd3 Ke6 36. Rdd1 a5 37. Nd3 Be7 38. Nf2 Bg5 39. Ra1 Rd2+ 40. Ke1 Rxb2 41. Nce4 Rxd1+ 42. Nxd1 Rxg2 0-1

[Event "Las Palmas Insular-chT Primera-B 1617"]
[Site "Las Palmas"]
[Date "2016.11.12"]
[Round "4.1"]
[White "Rodriguez Garcia, Antonio Jose"]
[Black "De la Hoz Sanchez, Ruben"]
[Result "0-1"]
[WhiteElo "1926"]
[BlackElo "1946"]
[PlyCount "80"]
[EventDate "2016.10.22"]
[EventType "team-tourn"]
[EventRounds "14"]
[EventCountry "ESP"]
[SourceTitle "EXT 2018"]
[Source "ChessBase"]
[SourceDate "2017.10.13"]
[SourceVersion "1"]
[SourceVersionDate "2017.10.13"]
[SourceQuality "1"]
[WhiteTeam "Guia Univac II"]
[BlackTeam "Hotel Avda de Canarias II"]
[WhiteTeamCountry "ESP"]
[BlackTeamCountry "ESP"]

1. e4 d5 2. exd5 Qxd5 3. Nf3 Bg4 4. Be2 Nf6 5. 0-0 e6 6. d3 Bd6 7. Nbd2 Qh5 8. g3 Nc6 9. Nc4 h6 10. Ne3 Ne5 11. Nxg4 Nfxg4 12. h4 f5 13. Nxe5 Bxe5 14. f3 Bxg3 15. fxg4 Qxh4 16. Kg2 Qh2+ 17. Kf3 fxg4+ 18. Ke3 h5 19. c3 0-0-0 20. d4 e5 21. Kd3 exd4 22. c4 Rhe8 23. Bg5 Re3+ 24. Bxe3 dxe3+ 25. Kxe3 Rxd1 26. Raxd1 Bd6 27. Rd5 Qg3+ 28. Kd2 Bf4+ 29. Kc2 Qe3 30. Bd3 c6 31. Bf5+ Kc7 32. Rd7+ Kb6 33. Rfd1 Qe2+ 34. Kb1 g3 35. b4 a6 36. c5+ Ka7 37. R7d3 g2 38. b5 cxb5 39. Rd7 Be5 40. R7d2 Qxd2 0-1

[Event "Las Palmas Insular-chT Primera-B 1617"]
[Site "Las Palmas"]
[Date "2016.11.05"]
[Round "3.1"]
[White "Mikoleizig, Egenhard"]
[Black "Rodriguez Garcia, Antonio Jose"]
[Result "1-0"]
[WhiteElo "2083"]
[BlackElo "1926"]
[PlyCount "77"]
[EventDate "2016.10.22"]
[EventType "team-tourn"]
[EventRounds "14"]
[EventCountry "ESP"]
[SourceTitle "EXT 2018"]
[Source "ChessBase"]
[SourceDate "2017.10.13"]
[SourceVersion "1"]
[SourceVersionDate "2017.10.13"]
[SourceQuality "1"]
[WhiteTeam "Grandama II"]
[BlackTeam "Guia Univac II"]
[WhiteTeamCountry "ESP"]
[BlackTeamCountry "ESP"]

1. e4 e5 2. Nf3 Nc6 3. Bb5 a6 4. Ba4 Nf6 5. d3 b5 6. Bb3 Be7 7. 0-0 0-0 8. c3 d5 9. exd5 Nxd5 10. h3 Bf5 11. Re1 Bf6 12. Bc2 Qd7 13. Nh2 Rad8 14. Qf3 Nde7 15. Rd1 Ng6 16. Nd2 Bxd3 17. Bxd3 Nh4 18. Qe4 Qxd3 19. Qxc6 Qe2 20. Rf1 Rxd2 21. Bxd2 Qxd2 22. Ng4 Qg5 23. Rad1 Ng6 24. Nxf6+ gxf6 25. Qf3 Kh8 26. Qg4 Qh6 27. Rd3 Rg8 28. Rg3 Qd2 29. Qf5 Qd6 30. Re1 Qc6 31. Rd1 Rf8 32. Qg4 Rg8 33. h4 Qe8 34. h5 Ne7 35. Qd7 Qf8 36. Rxg8+ Nxg8 37. Qxc7 Qg7 38. Rd3 Qg4 39. Qxf7 1-0

[Event "Las Palmas Insular-chT Pref"]
[Site "Las Palmas "]
[Date "2016.01.09"]
[Round "8.4"]
[White "Gonzalez Rodriguez, Jose Fco"]
[Black "Rodriguez Garcia, Antonio Jose"]
[Result "1/2-1/2"]
[WhiteElo "1881"]
[BlackElo "1938"]
[PlyCount "35"]
[EventDate "2015.10.17"]
[EventType "team-tourn"]
[EventRounds "14"]
[EventCountry "ESP"]
[SourceTitle "CBM 170 Extra"]
[Source "ChessBase"]
[SourceDate "2016.02.25"]
[SourceVersion "1"]
[SourceVersionDate "2016.02.25"]
[SourceQuality "1"]
[WhiteTeam "Piscolabis Oleaje San Andres"]
[BlackTeam "Tres W"]
[WhiteTeamCountry "ESP"]
[BlackTeamCountry "ESP"]

1. d4 d5 2. Nf3 e6 3. e3 f5 4. Ne5 Nf6 5. Be2 Be7 6. Bh5+ g6 7. Be2 Nbd7 8. Nd3 Ne4 9. Nf4 Ndf6 10. f3 Nd6 11. Nd2 c6 12. c4 0-0 13. 0-0 Nf7 14. cxd5 exd5 15. Qb3 Bd6 16. Nd3 Qe7 17. Nb1 Qc7 18. f4 1/2-1/2

[Event "Gran Canaria-ch Seniors"]
[Site "Gran Canaria"]
[Date "2015.05.15"]
[Round "5"]
[White "Sanchez Quintero, Raul"]
[Black "Rodriguez Garcia, Antonio Jose"]
[Result "1-0"]
[WhiteElo "2050"]
[BlackElo "1954"]
[PlyCount "91"]
[EventDate "2015.04.28"]
[EventType "swiss"]
[EventRounds "6"]
[EventCountry "ESP"]
[SourceTitle "CBM 166 Extra"]
[Source "ChessBase"]
[SourceDate "2015.06.18"]
[SourceVersion "1"]
[SourceVersionDate "2015.06.18"]
[SourceQuality "1"]

1. e4 e5 2. Nf3 Nc6 3. Bc4 Nf6 4. d3 Bc5 5. 0-0 d6 6. c3 a6 7. b4 Ba7 8. Qb3 0-0 9. Bg5 h6 10. Bh4 Qe7 11. Nbd2 Be6 12. a4 Nd8 13. Rfe1 g5 14. Bg3 Nh5 15. d4 Nxg3 16. hxg3 f6 17. Rad1 Qf7 18. Bxe6 Qxe6 19. Qxe6+ Nxe6 20. Nb3 Rae8 21. g4 Kg7 22. g3 Kg6 23. Kg2 Rh8 24. Na5 Nd8 25. c4 h5 26. gxh5+ Rxh5 27. g4 Rh7 28. d5 Reh8 29. Nb3 Nf7 30. c5 Nh6 31. Kg3 a5 32. Nxa5 dxc5 33. b5 c4 34. Nxc4 Nxg4 35. b6 Nh2 36. Rh1 Rh3+ 37. Kg2 Rxf3 38. bxa7 Rc3 39. Rxh2 Ra8 40. Ne3 Rxa7 41. Rdh1 Rxa4 42. Rh6+ Kf7 43. Rh7+ Ke8 44. Nf5 Rac4 45. Re7+ Kd8 46. Rh8# 1-0

[Event "Gran Canaria-ch Seniors"]
[Site "Gran Canaria"]
[Date "2015.05.12"]
[Round "4"]
[White "Roque Hernandez, Francisco"]
[Black "Rodriguez Garcia, Antonio Jose"]
[Result "0-1"]
[WhiteElo "1389"]
[BlackElo "1954"]
[PlyCount "22"]
[EventDate "2015.04.28"]
[EventType "swiss"]
[EventRounds "6"]
[EventCountry "ESP"]
[SourceTitle "CBM 166 Extra"]
[Source "ChessBase"]
[SourceDate "2015.06.18"]
[SourceVersion "1"]
[SourceVersionDate "2015.06.18"]
[SourceQuality "1"]

1. Nf3 d5 2. b3 e6 3. Bb2 f5 4. h4 Nf6 5. Ne5 Be7 6. h5 0-0 7. d3 Nbd7 8. Nd2 Nxe5 9. Bxe5 Ng4 10. Nf3 Nxe5 11. Nxe5 Bb4+ 0-1

[Event "Gran Canaria-ch Seniors"]
[Site "Gran Canaria"]
[Date "2015.05.05"]
[Round "2"]
[White "Kleine, Peter"]
[Black "Rodriguez Garcia, Antonio Jose"]
[Result "1/2-1/2"]
[WhiteElo "1739"]
[BlackElo "1954"]
[PlyCount "74"]
[EventDate "2015.04.28"]
[EventType "swiss"]
[EventRounds "6"]
[EventCountry "ESP"]
[SourceTitle "CBM 166 Extra"]
[Source "ChessBase"]
[SourceDate "2015.06.18"]
[SourceVersion "1"]
[SourceVersionDate "2015.06.18"]
[SourceQuality "1"]

1. Nh3 d5 2. g3 Bf5 3. Bg2 e5 4. d3 h6 5. f4 Qd7 6. Nf2 Nc6 7. 0-0 Nf6 8. fxe5 Nxe5 9. e4 dxe4 10. dxe4 Qxd1 11. Rxd1 Be6 12. Be3 Bd6 13. Nc3 a6 14. Nd5 Bxd5 15. exd5 0-0 16. Bd4 Rfe8 17. Re1 Re7 18. Re2 Rae8 19. Rae1 Ned7 20. Rxe7 Rxe7 21. Rxe7 Bxe7 22. c4 b6 23. b3 Bc5 24. Bxf6 Nxf6 25. Bf3 Kf8 26. Kg2 Bxf2 27. Kxf2 Ke7 28. Ke3 Kd6 29. Kd4 Nd7 30. b4 f6 31. h3 a5 32. a3 axb4 33. axb4 Ne5 34. c5+ bxc5+ 35. bxc5+ Ke7 36. Be2 Nd7 37. Bg4 Ne5 1/2-1/2

[Event "Las Palmas Insular-chT Pref qual"]
[Site "San Fernando"]
[Date "2013.04.13"]
[Round "2.3"]
[White "Rodriguez Garcia, Antonio Jose"]
[Black "Rojas Mirabal, Pedro"]
[Result "0-1"]
[WhiteElo "1968"]
[BlackElo "2053"]
[PlyCount "66"]
[EventDate "2013.04.06"]
[EventType "team-tourn"]
[EventRounds "3"]
[EventCountry "ESP"]
[SourceTitle "EXT 2014"]
[Source "ChessBase"]
[SourceDate "2013.11.20"]
[SourceVersion "1"]
[SourceVersionDate "2013.11.20"]
[SourceQuality "1"]
[WhiteTeam "Cajota 64"]
[BlackTeam "San Andres"]
[WhiteTeamCountry "ESP"]
[BlackTeamCountry "ESP"]

1. e4 c5 2. Nf3 Nc6 3. d4 cxd4 4. Nxd4 Nf6 5. Nc3 e5 6. Nxc6 bxc6 7. Bd3 Be7 8. 0-0 0-0 9. f4 exf4 10. Bxf4 Qb6+ 11. Kh1 Qxb2 12. Qe1 d6 13. Rd1 Ng4 14. Bc1 Qb4 15. Nd5 Qb7 16. Nf4 Ne5 17. Qg3 Bg4 18. Rd2 h5 19. h3 h4 20. Qe1 Be6 21. a3 Rab8 22. Rdf2 Qd7 23. Nh5 Qd8 24. Qe3 Qb6 25. Qd2 Qd4 26. Rf6 Bxf6 27. Rxf6 Rb1 28. Rf1 Bc4 29. Rd1 Bxd3 30. cxd3 Qxd3 31. Qe1 Qc2 32. Nxg7 Nd3 33. Qf1 Qxd1 0-1

[Event "Las Palmas Insular-chT Primera-A"]
[Site "Las Palmas"]
[Date "2013.02.23"]
[Round "10.2"]
[White "Rodriguez Garcia, Antonio Jose"]
[Black "Garcia Van Isschot, Carlos"]
[Result "1-0"]
[WhiteElo "1981"]
[BlackElo "1694"]
[PlyCount "71"]
[EventDate "2012.11.10"]
[EventType "team-tourn"]
[EventRounds "14"]
[EventCountry "ESP"]
[SourceTitle "EXT 2014"]
[Source "ChessBase"]
[SourceDate "2013.11.20"]
[SourceVersion "1"]
[SourceVersionDate "2013.11.20"]
[SourceQuality "1"]
[WhiteTeam "Cajota 64"]
[BlackTeam "La Bagacera"]
[WhiteTeamCountry "ESP"]
[BlackTeamCountry "ESP"]

1. e4 e6 2. d4 d5 3. Nc3 dxe4 4. Nxe4 e5 5. dxe5 Qxd1+ 6. Kxd1 Nc6 7. Bf4 Nge7 8. Bg3 Ng6 9. f4 Bg4+ 10. Ne2 0-0-0+ 11. Kc1 h6 12. N2c3 Bf5 13. Bd3 Nd4 14. a3 Be7 15. Re1 Nb3+ 16. cxb3 Rxd3 17. Kc2 Rhd8 18. Rad1 Rxd1 19. Rxd1 h5 20. Rxd8+ Kxd8 21. h3 h4 22. Bh2 Kd7 23. Kd3 Kc6 24. Ke3 f6 25. exf6 gxf6 26. Kf3 Nf8 27. Bg1 Ne6 28. Bf2 Nc5 29. Nxc5 Bxc5 30. Bxh4 Bd4 31. Bf2 Bxf2 32. Kxf2 Kc5 33. Ke3 a6 34. Ne4+ Bxe4 35. Kxe4 Kd6 36. Kf5 1-0

[Event "ESP-ch 77th"]
[Site "San Agustin"]
[Date "2012.10.06"]
[Round "8"]
[White "Suarez Fleitas, Alberto"]
[Black "Rodriguez Garcia, Antonio Jose"]
[Result "1-0"]
[WhiteElo "1426"]
[BlackElo "2087"]
[PlyCount "73"]
[EventDate "2012.09.29"]
[EventType "swiss"]
[EventRounds "9"]
[EventCountry "ESP"]
[SourceTitle "EXT 2014"]
[Source "ChessBase"]
[SourceDate "2013.11.20"]
[SourceVersion "1"]
[SourceVersionDate "2013.11.20"]
[SourceQuality "1"]

1. e4 e5 2. Nf3 Nc6 3. d4 exd4 4. Nxd4 Nf6 5. Nxc6 bxc6 6. Bd3 d5 7. exd5 cxd5 8. 0-0 Be7 9. Bf4 0-0 10. Nd2 Rb8 11. Rb1 Rb4 12. Bg3 Bg4 13. f3 Be6 14. c3 Rb6 15. Qa4 Nd7 16. Rfe1 Nc5 17. Qc2 Nxd3 18. Qxd3 Qc8 19. Qe2 Bc5+ 20. Kh1 Bf5 21. Nb3 Bxb1 22. Rxb1 Bd6 23. Bf2 Qa6 24. Qxa6 Rxa6 25. Nc1 Re8 26. Kg1 Bf4 27. Nd3 Be3 28. a3 Rae6 29. Re1 Bxf2+ 30. Kxf2 Rxe1 31. Nxe1 c5 32. b4 cxb4 33. cxb4 d4 34. b5 Re3 35. Nc2 Rd3 36. Ke2 Rxa3 37. Nxa3 1-0

[Event "ESP-ch 77th"]
[Site "San Agustin"]
[Date "2012.10.04"]
[Round "6"]
[White "Rossello Padron, Carlos Eduardo"]
[Black "Rodriguez Garcia, Antonio Jose"]
[Result "1-0"]
[WhiteElo "1882"]
[BlackElo "2087"]
[PlyCount "75"]
[EventDate "2012.09.29"]
[EventType "swiss"]
[EventRounds "9"]
[EventCountry "ESP"]
[SourceTitle "EXT 2014"]
[Source "ChessBase"]
[SourceDate "2013.11.20"]
[SourceVersion "1"]
[SourceVersionDate "2013.11.20"]
[SourceQuality "1"]

1. b3 d5 2. Bb2 e6 3. e3 f5 4. f4 Nf6 5. Nf3 Bd6 6. Nc3 0-0 7. g3 Bd7 8. Bg2 Be8 9. 0-0 Bh5 10. Nb5 Be7 11. Nbd4 Qc8 12. Qe1 c5 13. Ne2 Nc6 14. d3 Ng4 15. Qd2 Rd8 16. h3 Nf6 17. Ne5 Be8 18. a4 d4 19. Nxc6 Bxc6 20. exd4 cxd4 21. Bxd4 Rxd4 22. Nxd4 Bc5 23. c3 Qd7 24. Bxc6 bxc6 25. Kh2 Bxd4 26. cxd4 Qxd4 27. Rae1 Rd8 28. Rf3 Qd5 29. Qe2 Kf7 30. d4 Ne4 31. Rd1 c5 32. Rfd3 c4 33. bxc4 Qxc4 34. a5 Rxd4 35. Qh5+ Kf6 36. Rxd4 Qc2+ 37. R1d2 Nxd2 38. Qg5+ 1-0

[Event "ESP-ch 77th"]
[Site "San Agustin"]
[Date "2012.10.01"]
[Round "3"]
[White "Rodriguez Garcia, Antonio Jose"]
[Black "Rodriguez Manzaneda, Irene"]
[Result "0-1"]
[WhiteElo "2087"]
[BlackElo "1709"]
[PlyCount "56"]
[EventDate "2012.09.29"]
[EventType "swiss"]
[EventRounds "9"]
[EventCountry "ESP"]
[SourceTitle "EXT 2014"]
[Source "ChessBase"]
[SourceDate "2013.11.20"]
[SourceVersion "1"]
[SourceVersionDate "2013.11.20"]
[SourceQuality "1"]

1. e4 c5 2. Nf3 Nc6 3. d4 cxd4 4. Nxd4 Nf6 5. Nc3 e5 6. Nxc6 bxc6 7. Bd3 Bb4 8. 0-0 h6 9. f4 exf4 10. Bxf4 0-0 11. Qf3 d5 12. e5 Ne8 13. Qh5 Qd7 14. h3 f6 15. exf6 Nxf6 16. Qh4 Be7 17. Bxh6 gxh6 18. Qxh6 Qc7 19. Kh1 Qd7 20. Kg1 Bc5+ 21. Kh1 Qg7 22. Qh4 Be7 23. Rae1 Ne4 24. Rxf8+ Kxf8 25. Rxe4 Bxh4 26. Rxh4 Bd7 27. Ne2 Qf6 28. Rg4 Qxb2 0-1

[Event "Las Palmas Insular-chT Pref qual"]
[Site "San Fernando"]
[Date "2012.04.14"]
[Round "1.1"]
[White "Rodriguez Garcia, Antonio Jose"]
[Black "Solana Suarez, Ernesto"]
[Result "1/2-1/2"]
[WhiteElo "2097"]
[BlackElo "2321"]
[PlyCount "53"]
[EventDate "2012.04.14"]
[EventType "team-tourn"]
[EventRounds "3"]
[EventCountry "ESP"]
[SourceTitle "EXT 2014"]
[Source "ChessBase"]
[SourceDate "2013.11.20"]
[SourceVersion "1"]
[SourceVersionDate "2013.11.20"]
[SourceQuality "1"]
[WhiteTeam "Cajota 64"]
[BlackTeam "Grandama"]
[WhiteTeamCountry "ESP"]
[BlackTeamCountry "ESP"]

1. e4 c5 2. Nf3 e6 3. d3 Nc6 4. g3 d5 5. Nbd2 Nge7 6. Bg2 g6 7. 0-0 Bg7 8. Nh4 0-0 9. f4 f5 10. c3 b6 11. Qe2 Ba6 12. exd5 exd5 13. Ndf3 Qd6 14. Re1 h6 15. Bd2 Kh7 16. Rad1 Rae8 17. Bc1 Qd7 18. Qc2 Ng8 19. h3 d4 20. c4 Bb7 21. Qd2 Rxe1+ 22. Rxe1 Re8 23. Re2 Bf8 24. Qe1 Rxe2 25. Qxe2 Qe7 26. Kf2 Qxe2+ 27. Kxe2 1/2-1/2

[Event "Las Palmas Insular-chT Primera-A"]
[Site "Las Palmas"]
[Date "2012.03.17"]
[Round "13.1"]
[White "Rodriguez Garcia, Antonio Jose"]
[Black "Almeida Sanchez, Juan Sebastian"]
[Result "1-0"]
[WhiteElo "2097"]
[BlackElo "1854"]
[PlyCount "45"]
[EventDate "2011.11.12"]
[EventType "team-tourn"]
[EventRounds "14"]
[EventCountry "ESP"]
[SourceTitle "EXT 2013"]
[Source "ChessBase"]
[SourceDate "2012.11.22"]
[SourceVersion "1"]
[SourceVersionDate "2012.11.22"]
[SourceQuality "1"]
[WhiteTeam "Cajota 64"]
[BlackTeam "Canarias de Vecindario"]
[WhiteTeamCountry "ESP"]
[BlackTeamCountry "ESP"]

1. e4 e5 2. d4 exd4 3. Qxd4 Nc6 4. Qe3 Nf6 5. Nc3 a6 6. Bd2 Be7 7. 0-0-0 Ng4 8. Qg3 d6 9. Nf3 h5 10. h4 Be6 11. Ng5 Bf6 12. f3 Be5 13. Qe1 Nf6 14. f4 Bd4 15. Nf3 Ba7 16. f5 Bd7 17. Bg5 Ne7 18. e5 Ng4 19. f6 gxf6 20. exf6 Nf2 21. fxe7 Qc8 22. Nd5 f5 23. Qc3 1-0